|
|
|
|
| LEADER |
00000cam a2200000 7i4500 |
| 001 |
0000000035 |
| 005 |
20230125.0 |
| 008 |
070628 |
| 020 |
|
|
|a 9676109401
|
| 090 |
0 |
0 |
|a JF
|b NH MAL (616)
|
| 100 |
0 |
|
|a Zaid Mat Saman
|
| 245 |
1 |
0 |
|a Sang Semut dan Sang Belalang
|c Zaid Mat Saman
|
| 260 |
|
|
|a Kuala Lumpur :
|b Utusan Publications & Distributors ,
|c 2001
|
| 440 |
|
|
|a Siri sahabat
|
| 500 |
|
|
|a Children ages 7-9 years old (orange)
|
| 650 |
|
0 |
|a Animal
|x Fiction
|
| 650 |
|
0 |
|a Malay fiction
|
| 999 |
|
|
|a 0000954320
|b Book
|c Children Collection
|e Cawangan Bandar Penawar
|
| 999 |
|
|
|a 0000954321
|b Book
|c Children Collection
|e Perbadanan Perpustakaan Awam Johor
|
| 999 |
|
|
|a 0000954322
|b Book
|c Children Collection
|e Perbadanan Perpustakaan Awam Johor
|